| 000 | 01169cam a2200337 i 4500 | ||
|---|---|---|---|
| 001 | 768714001 | ||
| 003 | CO-MdFUSB | ||
| 005 | 20241016121923.0 | ||
| 007 | ta | ||
| 008 | 230525t1984 -us||||| |||| 00| | eng d | ||
| 020 | _a 9780802824011 | ||
| 040 |
_bspa. _aCO-MdFUSB _cCO-MdFUSB _dCO-MdFUSBC _erda |
||
| 041 | _aeng | ||
| 082 | 0 | 4 |
_223 _a227.7 _bB886 |
| 100 | 1 |
_aBruce, F. F. (Frederick Fyvie) (1910-) _eautor |
|
| 245 | 1 | 0 |
_aThe epistles to the Colossians, to Philemon, and to the Ephesians _c/ F. F. Bruce |
| 264 | 1 |
_aGran Rapids, MI., USA : _bWm. B. Eerdmans Publishing Company, _c[1984] |
|
| 264 | 4 | _c©1984 | |
| 300 |
_a442 páginas _c; 21 cm |
||
| 336 |
_2rdacontent _atexto _btxt |
||
| 337 |
_2rdamedia _asin mediación |
||
| 338 |
_2rdacarrier _avolumen _bnc |
||
| 505 | _aIntroducción a colosenses - Introducción a Filemón - Introducción a Efesios | ||
| 563 | _aTapa dura | ||
| 630 | 0 | 7 |
_aBiblia. _pColosenses _xCrítica, interpretación, etc |
| 630 | 0 | 7 |
_aBiblia. _pFilemón _xCrítica, interpretación, etc. |
| 630 | 0 | 7 |
_aBiblia. _pEfesios _xCrítica, interpretación, etc. |
| 942 | _cBK | ||
| 945 | _aMAg 1104 | ||
| 999 |
_c31975 _d31975 |
||